[Event "2. CLANSKA LIGA ZAHOD 2014"]
[Site "Ljubljana"]
[Date "2014.11.08"]
[Round "8.4"]
[White "Krivec, Metod"]
[Black "Gorsic, Jure"]
[Result "0-1"]
[WhiteElo "1864"]
[BlackElo "1825"]
[PlyCount "110"]
[EventDate "2014.11.08"]
[WhiteTeam "SD RADOVLJICA"]
[BlackTeam "SD KC LJUBLJANA"]

1. d4 d5 2. c4 Nc6 3. Nf3 Bg4 4. e3 e5 5. dxe5 d4 6. exd4 Bxf3 7. Qxf3 Qxd4 8.
a3 Qxe5+ 9. Qe3 O-O-O 10. Be2 Bd6 11. Qxe5 Bxe5 12. O-O Nd4 13. Bd1 Nf6 14. Nd2
Rhe8 15. Nf3 Nxf3+ 16. Bxf3 Rd4 17. c5 Rc4 18. Be3 Ng4 19. Bxg4+ Rxg4 20. Rab1
Bd4 21. Bxd4 Rxd4 22. Rfe1 Rxe1+ 23. Rxe1 Kd7 24. Kf1 a5 25. Rc1 Rd2 26. b4
axb4 27. axb4 Kc6 28. Rc4 Kd5 29. Rf4 f6 30. Rf5+ Ke4 31. Rh5 h6 32. Rh4+ Ke5
33. Ke1 Rd4 34. Rh5+ f5 35. b5 Rc4 36. b6 Rxc5 37. g4 Kf4 38. gxf5 cxb6 39.
Rh4+ Kxf5 40. Rb4 b5 41. Ke2 Ke5 42. Kd3 Kd6 43. Rf4 Kc6 44. Rf7 Rg5 45. Kc3
Rg4 46. Rf5 Rh4 47. f4 Rxh2 48. Kb4 Rd2 49. Rc5+ Kd6 50. Rc8 Rd4+ 51. Kxb5 Rxf4
52. Rg8 Rf7 53. Kb6 Ke6 54. Kc5 Kf5 55. Kd5 h5 0-1

[Event "2. CLANSKA LIGA ZAHOD 2014"]
[Site "Ljubljana"]
[Date "2014.11.08"]
[Round "8.5"]
[White "Sivcevic, Nusret"]
[Black "Torkar, Boris"]
[Result "1-0"]
[WhiteElo "1843"]
[BlackElo "1876"]
[PlyCount "109"]
[EventDate "2014.11.08"]
[WhiteTeam "SD KC LJUBLJANA"]
[BlackTeam "SD RADOVLJICA"]

1. f4 d5 2. Nf3 Nf6 3. g3 Bf5 4. Bg2 e6 5. b3 Be7 6. Bb2 O-O 7. O-O Nbd7 8. e3
c5 9. d3 Rc8 10. Nbd2 Nb6 11. Qe2 Qc7 12. Be5 Qd7 13. Rad1 h6 14. e4 Bh7 15.
Bxf6 Bxf6 16. a4 a5 17. h4 Qc7 18. e5 Be7 19. c4 Rcd8 20. Nb1 Nc8 21. Nc3 dxc4
22. dxc4 Na7 23. Rd2 Rxd2 24. Nxd2 Rd8 25. Be4 Qd7 26. Bxh7+ Kxh7 27. Nde4 Qd3
28. Kf2 Nc6 29. Qxd3 Rxd3 30. Ke2 Nb4 31. Rd1 Rxd1 32. Kxd1 Kg6 33. Ke2 Kf5 34.
Nd6+ Bxd6 35. exd6 e5 36. Nd5 Nc2 37. Ne3+ Nxe3 38. d7 exf4 39. d8=Q g5 40.
Qd7+ Kg6 41. gxf4 gxf4 42. Kf3 Nf5 43. Kxf4 Nd4 44. Qxb7 Ne6+ 45. Ke5 Nd4 46.
Qb6+ Kh5 47. Qf6 Kg4 48. Qxh6 Nf3+ 49. Kf6 Nxh4 50. Qe3 Ng6 51. Qxc5 Kf4 52.
Qxa5 Ke4 53. Qd5+ Kf4 54. Qf5+ Kg3 55. Qxg6+ 1-0

[Event "2. CLANSKA LIGA ZAHOD 2014"]
[Site "Ljubljana"]
[Date "2014.11.08"]
[Round "8.6"]
[White "Pretnar, Bostjan"]
[Black "Pecnik, Primoz"]
[Result "1-0"]
[WhiteElo "1727"]
[BlackElo "1874"]
[PlyCount "73"]
[EventDate "2014.11.08"]
[WhiteTeam "SD RADOVLJICA"]
[BlackTeam "SD KC LJUBLJANA"]

1. d4 c5 2. d5 e6 3. Nc3 d6 4. e4 exd5 5. exd5 Nf6 6. Be2 Be7 7. Nf3 O-O 8. O-O
a6 9. a4 Qc7 10. Nd2 Nbd7 11. Nc4 Nb6 12. Re1 Nxc4 13. Bxc4 Bf5 14. Bg5 h6 15.
Bh4 Rfe8 16. Bd3 Bxd3 17. Qxd3 Qd8 18. Bg3 Nh5 19. Ne4 Nxg3 20. Qxg3 f5 21. Nd2
Bf8 22. Nc4 Qf6 23. a5 Rxe1+ 24. Rxe1 Qd4 25. b3 Qxd5 26. h3 Rd8 27. Qh4 g5 28.
Qg3 Qf7 29. f4 Qg6 30. Qf3 Qf7 31. Rd1 Kh7 32. fxg5 hxg5 33. Rd5 Qe6 34. Rxf5
Bh6 35. Rf6 Qe1+ 36. Kh2 Rg8 37. Qf5+ 1-0

[Event "2. CLANSKA LIGA ZAHOD 2014"]
[Site "Ljubljana"]
[Date "2014.11.08"]
[Round "8.1"]
[White "Kodric, Vladimir"]
[Black "Plenca, Julijan"]
[Result "0-1"]
[WhiteElo "1949"]
[BlackElo "2369"]
[PlyCount "78"]
[EventDate "2014.11.08"]
[WhiteTeam "SK LOSKA DOLINA"]
[BlackTeam "SD STARI TRG OB KOLPI"]

1. d4 f5 2. c3 Nf6 3. Nf3 g6 4. h3 Bg7 5. Bf4 O-O 6. e3 e6 7. Be2 d6 8. O-O Qe7
9. Re1 b6 10. Nbd2 Bb7 11. Qb3 Nbd7 12. Bc4 Rfe8 13. Ng5 Nf8 14. Ngf3 h6 15.
Bh2 g5 16. Bd3 Ne4 17. Re2 Nd7 18. Bxe4 fxe4 19. Ne1 Kh8 20. f3 Nf6 21. fxe4
Nxe4 22. Nxe4 Bxe4 23. Nf3 Rf8 24. Rf2 Rf5 25. Nd2 Rxf2 26. Kxf2 Bg6 27. e4 c5
28. e5 cxd4 29. cxd4 dxe5 30. dxe5 Rd8 31. Qc3 Bf8 32. Nb3 a5 33. Nd4 Qf7+ 34.
Ke2 Bc5 35. Rd1 Qb7 36. Qf3 Qa6+ 37. Ke1 Rf8 38. Qe2 Bb4+ 39. Rd2 Bd3 0-1

[Event "2. CLANSKA LIGA ZAHOD 2014"]
[Site "Ljubljana"]
[Date "2014.11.08"]
[Round "8.2"]
[White "Juranic, Bruno"]
[Black "Trivuncevic, Bosko"]
[Result "1-0"]
[WhiteElo "2170"]
[BlackElo "1976"]
[PlyCount "74"]
[EventDate "2014.11.08"]
[WhiteTeam "SD STARI TRG OB KOLPI"]
[BlackTeam "SK LOSKA DOLINA"]

1. e4 d6 2. d4 Nc6 3. Nc3 Nf6 4. Nf3 Bg4 5. Be3 e5 6. Be2 Be7 7. Qd2 a6 8. O-O
O-O 9. Rad1 Qc8 10. Ne1 Bd7 11. f4 Ng4 12. Nf3 Nxe3 13. Qxe3 exd4 14. Nxd4 Nxd4
15. Qxd4 Bg4 16. Bxg4 Qxg4 17. Nd5 Bd8 18. Rd3 Qe6 19. Rg3 g6 20. f5 Qe5 21.
Qe3 c6 22. Nf4 Qxb2 23. Qb3 Qxb3 24. Rxb3 b5 25. Rc3 Rc8 26. Kf2 Bf6 27. Ra3
Ra8 28. Rd1 Be5 29. Kf3 g5 30. Nd3 Bd4 31. c3 Bb6 32. Nb4 Bc5 33. Rxa6 Rxa6 34.
Nxa6 Ra8 35. Nxc5 dxc5 36. Kg4 Rxa2 37. Kg3 Kf8 {nejasno (48)} 1-0

[Event "2. CLANSKA LIGA ZAHOD 2014"]
[Site "Ljubljana"]
[Date "2014.11.08"]
[Round "8.3"]
[White "Drobnic, Milan"]
[Black "Baric, Dusan"]
[Result "1/2-1/2"]
[WhiteElo "1856"]
[BlackElo "2058"]
[PlyCount "71"]
[EventDate "2014.11.08"]
[WhiteTeam "SK LOSKA DOLINA"]
[BlackTeam "SD STARI TRG OB KOLPI"]

1. c4 c5 2. g3 Nf6 3. Bg2 Nc6 4. Nc3 g6 5. Nf3 Bg7 6. O-O O-O 7. d4 cxd4 8.
Nxd4 a6 9. e4 Qc7 10. Nde2 d6 11. h3 Rb8 12. Bf4 e5 13. Bg5 Be6 14. b3 b5 15.
cxb5 axb5 16. Rc1 Qd7 17. Qd2 Nd4 18. Nxd4 exd4 19. Ne2 Bxh3 20. Qxd4 Bxg2 21.
Kxg2 Qe6 22. f3 Rfc8 23. Nf4 Qe5 24. Bxf6 Bxf6 25. Qxe5 Bxe5 26. Nd5 Kg7 27.
Ne7 Rc5 28. Rxc5 dxc5 29. Nc6 Re8 30. Nxe5 Rxe5 31. a4 c4 32. bxc4 bxa4 33. Kf2
a3 34. Ra1 Rc5 35. Rxa3 Rxc4 36. Ke3 1/2-1/2

[Event "2. CLANSKA LIGA ZAHOD 2014"]
[Site "Ljubljana"]
[Date "2014.11.08"]
[Round "8.4"]
[White "Kobe, Uros"]
[Black "Kljun, Anton"]
[Result "1-0"]
[WhiteElo "2119"]
[BlackElo "1807"]
[PlyCount "95"]
[EventDate "2014.11.08"]
[WhiteTeam "SD STARI TRG OB KOLPI"]
[BlackTeam "SK LOSKA DOLINA"]

1. e4 e5 2. f4 d5 3. exd5 c6 4. dxc6 bxc6 5. d3 exf4 6. Bxf4 Qf6 7. Qe2+ Be6 8.
Be5 Qh4+ 9. g3 Qg4 10. Qxg4 Bxg4 11. Bg2 Bd7 12. Ne2 f6 13. Bc7 Na6 14. Ba5
Bb4+ 15. Bxb4 Nxb4 16. Na3 Rb8 17. Kd2 Ne7 18. Rhe1 O-O 19. Nd4 Ng6 20. Nc4 Nd5
21. a3 f5 22. b4 Nde7 23. Ne5 Nxe5 24. Rxe5 Ng6 25. Ra5 f4 26. Bxc6 Bxc6 27.
Nxc6 Rb6 28. Ne5 Nxe5 29. Rxe5 fxg3 30. hxg3 Rg6 31. c4 Rxg3 32. b5 Rd8 33. Re3
Rg2+ 34. Kc3 g5 35. Rae1 Ra2 36. Kb3 Rd2 37. Re8+ Rxe8 38. Rxe8+ Kf7 39. Re3 h5
40. c5 Rd1 41. Kc2 Rf1 42. c6 Rf5 43. d4 Kg6 44. c7 Rf8 45. d5 Rc8 46. d6 Kf5
47. Kd2 Kf4 48. d7 1-0

[Event "2. CLANSKA LIGA ZAHOD 2014"]
[Site "Ljubljana"]
[Date "2014.11.08"]
[Round "8.5"]
[White "Stanic, Vitko"]
[Black "Bedic, Slavko"]
[Result "0-1"]
[WhiteElo "1794"]
[BlackElo "1943"]
[PlyCount "90"]
[EventDate "2014.11.08"]
[WhiteTeam "SK LOSKA DOLINA"]
[BlackTeam "SD STARI TRG OB KOLPI"]

1. d4 Nf6 2. Nf3 d5 3. e3 e6 4. Bd3 c5 5. c3 Nc6 6. Nbd2 Qc7 7. O-O Be7 8. Re1
O-O 9. Nf1 e5 10. dxe5 Nxe5 11. Be2 Be6 12. Nxe5 Qxe5 13. Bf3 Rfd8 14. Bd2 Rac8
15. a4 Qc7 16. Qc1 Qb6 17. Qb1 Nd7 18. h3 Bf6 19. a5 Qc7 20. Ra3 g6 21. Be2 Ne5
22. f4 Bf5 23. Qa2 Nd3 24. Rd1 c4 25. Bg4 Qd7 26. Bxf5 Qxf5 27. Ng3 Qe6 28. Rf1
Be7 29. Ra4 Bc5 30. Rf3 b5 31. axb6 Qxb6 32. Ra6 Qxb2 33. Qxb2 Nxb2 34. Ra1 Rb8
35. Kh2 f5 36. h4 Nd3 37. h5 Rb2 38. Nf1 Rdb8 39. hxg6 hxg6 40. Kh3 Kf7 41. g4
Rh8+ 42. Kg3 Rh1 43. Rd1 Rg1+ 44. Kh2 Rxg4 45. Kh3 Rb8 0-1

[Event "2. CLANSKA LIGA ZAHOD 2014"]
[Site "Ljubljana"]
[Date "2014.11.08"]
[Round "8.6"]
[White "Danculovic, Jovica"]
[Black "Bavec, Vinko"]
[Result "1-0"]
[WhiteElo "1966"]
[BlackElo "1644"]
[PlyCount "123"]
[EventDate "2014.11.08"]
[WhiteTeam "SD STARI TRG OB KOLPI"]
[BlackTeam "SK LOSKA DOLINA"]

1. e4 c5 2. c3 Nc6 3. d4 cxd4 4. cxd4 d6 5. d5 Nb8 6. Nc3 a6 7. a4 Nd7 8. f4 g6
9. Be3 Bg7 10. Nf3 Ngf6 11. Bd3 O-O 12. h3 Nc5 13. Bc2 b6 14. O-O Nh5 15. Kh2
Nf6 16. Qd2 e6 17. b4 Nb7 18. Rad1 a5 19. b5 Qc7 20. Nd4 exd5 21. exd5 Nd8 22.
Nc6 Nxc6 23. dxc6 Rd8 24. Qf2 Rb8 25. Bd4 Be6 26. f5 Bc4 27. Rfe1 Nh5 28. f6
Bf8 29. Re3 d5+ 30. Kg1 Bd6 31. Rde1 Bh2+ 32. Kh1 Ng3+ 33. Kxh2 Ne4+ 34. g3
Nxf2 35. Re7 Qc8 36. Bxf2 Rf8 37. Bd1 h6 38. Bg4 Qd8 39. c7 Qd6 40. cxb8=Q Qxb8
41. Bd4 h5 42. Bd7 Qd6 43. Bc6 h4 44. Be5 hxg3+ 45. Kxg3 Qc5 46. h4 d4 47. Ne4
Qa3+ 48. Kg2 Qa2+ 49. Kg1 d3 50. Bf4 Qxa4 51. Ng5 Bb3 52. Re8 Be6 53. Nxe6 Rxe8
54. Bxe8 fxe6 55. f7+ Kh7 56. f8=Q Qd4+ 57. Be3 Qg4+ 58. Kf2 Qxh4+ 59. Kf3 Qh5+
60. Kg3 Qe5+ 61. Qf4 Qg7 62. Qf7 1-0

[Event "2. CLANSKA LIGA ZAHOD 2014"]
[Site "Ljubljana"]
[Date "2014.11.09"]
[Round "9.1"]
[White "Plenca, Julijan"]
[Black "Krumpak, Hinko"]
[Result "1-0"]
[WhiteElo "2369"]
[BlackElo "2140"]
[PlyCount "107"]
[EventDate "2014.11.09"]
[WhiteTeam "SD STARI TRG OB KOLPI"]
[BlackTeam "SK VISNJA GORA - STICNA"]

1. e4 e6 2. d4 d5 3. Nd2 dxe4 4. Nxe4 Nd7 5. Nf3 Ngf6 6. Nc3 a6 7. Bf4 Bb4 8.
a3 Be7 9. Be2 O-O 10. O-O Nd5 11. Nxd5 exd5 12. c4 dxc4 13. Bxc4 Nb6 14. Ba2
Bg4 15. Qd3 Bxf3 16. Qxf3 c6 17. Be5 Bd6 18. Rad1 Qc7 19. Rfe1 Rad8 20. h4 Bxe5
21. dxe5 Rxd1 22. Rxd1 Qe7 23. Qe4 Rd8 24. Re1 Nd5 25. Bb1 g6 26. h5 Kg7 27.
Qg4 Qe6 28. Qg5 Ne7 29. hxg6 hxg6 30. Ba2 Rd5 31. Bxd5 Nxd5 32. Re4 Qe7 33.
Qxe7 Nxe7 34. a4 b5 35. f3 c5 36. Re1 c4 37. Kf2 Nd5 38. Rd1 Nb4 39. Ke3 Kf8
40. axb5 axb5 41. Kd4 Ke7 42. Rd2 g5 43. Kc5 Nd3+ 44. Kxb5 Nxe5 45. Re2 Kd6 46.
Rxe5 Kxe5 47. Kxc4 Kf4 48. b4 Kg3 49. b5 Kxg2 50. b6 Kxf3 51. b7 f5 52. b8=Q f4
53. Kd3 g4 54. Qb1 1-0

[Event "2. CLANSKA LIGA ZAHOD 2014"]
[Site "Ljubljana"]
[Date "2014.11.09"]
[Round "9.2"]
[White "Sotirov, Pavle"]
[Black "Juranic, Bruno"]
[Result "0-1"]
[WhiteElo "1867"]
[BlackElo "2170"]
[PlyCount "114"]
[EventDate "2014.11.09"]
[WhiteTeam "SK VISNJA GORA - STICNA"]
[BlackTeam "SD STARI TRG OB KOLPI"]

1. e4 c5 2. Nc3 e6 3. Nf3 a6 4. g3 Nc6 5. Bg2 g6 6. d4 cxd4 7. Nxd4 Bg7 8. Nxc6
dxc6 9. Qxd8+ Kxd8 10. Ne2 Ne7 11. c3 e5 12. Be3 Kc7 13. O-O-O Be6 14. Kb1 Rad8
15. b3 b6 16. Kc2 c5 17. c4 Nc6 18. a3 Nd4+ 19. Bxd4 cxd4 20. Kd3 Rb8 21. Rb1
b5 22. Rhc1 bxc4+ 23. bxc4 Rxb1 24. Rxb1 Rb8 25. Rxb8 Kxb8 26. Nc1 Bf8 27. a4
Bd7 28. Kc2 Bxa4+ 29. Kb2 Kc7 30. Nd3 f6 31. f4 Bc6 32. fxe5 f5 33. Nf4 Kd7 34.
Nd5 Bg7 35. Kc2 fxe4 36. Bxe4 Bxe5 37. Kd3 a5 38. g4 Kd6 39. h3 a4 40. Nb4
Bxe4+ 41. Kxe4 a3 42. Kd3 Bg7 43. Kc2 Ke5 44. Kd3 Kf4 45. c5 Be5 46. c6 Kg3 47.
Ke4 Bc7 48. Kxd4 Kxh3 49. Kc3 Kxg4 50. Kb3 h5 51. Nd5 Bd6 52. Ne3+ Kf3 53. Nc4
Bc7 54. Nxa3 h4 55. Nb5 Bg3 56. Nd4+ Kg2 57. Kc4 h3 0-1

[Event "2. CLANSKA LIGA ZAHOD 2014"]
[Site "Ljubljana"]
[Date "2014.11.09"]
[Round "9.3"]
[White "Baric, Dusan"]
[Black "Perovsek, Milan"]
[Result "1-0"]
[WhiteElo "2058"]
[BlackElo "1812"]
[PlyCount "61"]
[EventDate "2014.11.09"]
[WhiteTeam "SD STARI TRG OB KOLPI"]
[BlackTeam "SK VISNJA GORA - STICNA"]

1. e4 c5 2. c3 d5 3. exd5 Qxd5 4. d4 Nc6 5. Nf3 Bg4 6. Be2 e6 7. Be3 c4 8. O-O
Bd6 9. h3 Bh5 10. Nbd2 b5 11. a4 Nge7 12. axb5 Qxb5 13. Nxc4 Qb8 14. Ra6 Bc7
15. Qa4 Qb7 16. Ra1 O-O 17. b4 Rab8 18. g4 Bg6 19. Nfd2 f5 20. Bf3 Be8 21. gxf5
Rxf5 22. Be4 Rh5 23. Qd1 Qc8 24. Bxc6 Nxc6 25. Rxc6 Bh2+ 26. Kxh2 Qxc6 27. Rxa7
Rh4 28. Qf3 Qb5 29. Qg3 Rxh3+ 30. Kxh3 Bg6 31. Qe5 1-0

[Event "2. CLANSKA LIGA ZAHOD 2014"]
[Site "Ljubljana"]
[Date "2014.11.09"]
[Round "9.4"]
[White "Lesjak, Damjan"]
[Black "Kobe, Uros"]
[Result "0-1"]
[WhiteElo "1815"]
[BlackElo "2119"]
[PlyCount "124"]
[EventDate "2014.11.09"]
[WhiteTeam "SK VISNJA GORA - STICNA"]
[BlackTeam "SD STARI TRG OB KOLPI"]

1. d4 Nf6 2. c4 g6 3. Nc3 d5 4. cxd5 Nxd5 5. e4 Nxc3 6. bxc3 Bg7 7. Nf3 c5 8.
Bb5+ Nc6 9. O-O O-O 10. Qa4 cxd4 11. Bxc6 bxc6 12. cxd4 c5 13. Be3 Bd7 14. Qa3
Bb5 15. Rfd1 Be2 16. Rd2 Bxf3 17. gxf3 cxd4 18. Rad1 e5 19. Rd3 Re8 20. Rb1 Rb8
21. Rxb8 Qxb8 22. Bd2 Bf8 23. Qa6 Re6 24. Qc4 Rb6 25. Rb3 Rxb3 26. axb3 Qb7 27.
Kf1 a6 28. Ke2 Qb5 29. Qxb5 axb5 30. h3 f5 31. Kd3 Bc5 32. Ba5 Kf7 33. Bc7 Ke6
34. Ba5 f4 35. Bd8 Be7 36. Bc7 h6 37. Ke2 g5 38. Kd3 Bd6 39. Bd8 Be7 40. Bc7
Bf6 41. Ba5 Kf7 42. Ke2 Kg6 43. Kf1 Kh5 44. Kg2 Kh4 45. Bd2 d3 46. b4 Bd8 47.
Kh2 Bb6 48. Kg2 Bd4 49. Be1 Bb2 50. Bd2 Bd4 51. Be1 Kh5 52. Bd2 Kh4 53. Be1 Bb2
54. Bd2 h5 55. Kh2 g4 56. hxg4 hxg4 57. Kg2 g3 58. fxg3+ fxg3 59. f4 exf4 60.
Bxf4 Kg4 61. Bd2 Bd4 62. Be1 Be3 0-1

[Event "2. CLANSKA LIGA ZAHOD 2014"]
[Site "Ljubljana"]
[Date "2014.11.09"]
[Round "9.5"]
[White "Bedic, Slavko"]
[Black "Jese, Janez"]
[Result "1-0"]
[WhiteElo "1943"]
[BlackElo "1846"]
[PlyCount "83"]
[EventDate "2014.11.09"]
[WhiteTeam "SD STARI TRG OB KOLPI"]
[BlackTeam "SK VISNJA GORA - STICNA"]

1. c4 Nf6 2. d4 e5 3. e3 exd4 4. exd4 Bb4+ 5. Bd2 Qe7+ 6. Ne2 Ne4 7. a3 Bxd2+
8. Nxd2 O-O 9. f3 Nxd2 10. Qxd2 Re8 11. O-O-O d6 12. Nc3 a6 13. Bd3 Bd7 14.
Rde1 Qd8 15. Rxe8+ Bxe8 16. Re1 Nc6 17. Nd5 Rb8 18. Qe3 Bd7 19. b4 b5 20. Ne7+
Nxe7 21. Qxe7 Qxe7 22. Rxe7 Rd8 23. c5 Kf8 24. Re3 h6 25. Be4 c6 26. d5 cxd5
27. Bxd5 dxc5 28. bxc5 Rc8 29. Rc3 Bc6 30. Bxc6 Rxc6 31. Kd2 Ke7 32. Kd3 Ke6
33. Kd4 Kd7 34. h4 Re6 35. a4 Re2 36. axb5 axb5 37. c6+ Kc7 38. g4 b4 39. Rb3
Kxc6 40. Rxb4 Kd6 41. Rb8 Ke6 42. Re8+ 1-0

[Event "2. CLANSKA LIGA ZAHOD 2014"]
[Site "Ljubljana"]
[Date "2014.11.09"]
[Round "9.1"]
[White "Grabljevec, Stane"]
[Black "Danculovic, Jovica"]
[Result "1/2-1/2"]
[WhiteElo "1807"]
[BlackElo "1966"]
[PlyCount "81"]
[EventDate "2014.11.09"]
[WhiteTeam "SK VISNJA GORA - STICNA"]
[BlackTeam "SD STARI TRG OB KOLPI"]

1. e4 c5 2. Nf3 d6 3. d4 cxd4 4. Nxd4 Nf6 5. Nc3 g6 6. Be3 Bg7 7. f3 Nc6 8. Qd2
O-O 9. O-O-O d5 10. Nxc6 bxc6 11. exd5 Nxd5 12. Nxd5 cxd5 13. Qxd5 Qc7 14. Qc5
Qb7 15. Qb5 Qc7 16. Qc5 Qb8 17. Bd4 Bf5 18. Ba6 Qf4+ 19. Be3 Qa4 20. Qc4 Bxc2
21. Qxa4 Bxa4 22. b3 Bc6 23. Bd4 Rfd8 24. Bxg7 Kxg7 25. Rxd8 Rxd8 26. Rd1 Rxd1+
27. Kxd1 Kf6 28. Kd2 Ke5 29. Ke3 f5 30. f4+ Kd6 31. g3 e5 32. fxe5+ Kxe5 33. h4
h6 34. b4 g5 35. hxg5 hxg5 36. b5 Bd5 37. a4 Bb3 38. a5 Bc4 39. Kf3 Kd4 40. Bc8
Bd5+ 41. Kf2 1/2-1/2

[Event "2. CLANSKA LIGA ZAHOD 2014"]
[Site "Ljubljana"]
[Date "2014.11.09"]
[Round "9.1"]
[White "Bajzelj, Primoz"]
[Black "Kodric, Vladimir"]
[Result "1-0"]
[WhiteElo "2049"]
[BlackElo "1949"]
[PlyCount "223"]
[EventDate "2014.11.09"]
[WhiteTeam "SD RADOVLJICA"]
[BlackTeam "SK LOSKA DOLINA"]

1. d4 d6 2. Nf3 c6 3. Bf4 Bf5 4. Nbd2 Nf6 5. h3 h6 6. e3 Nbd7 7. Bc4 e6 8. Rc1
Ne4 9. Bb3 Ndf6 10. Qe2 Nxd2 11. Nxd2 d5 12. c4 Be7 13. O-O O-O 14. Rfd1 Bd6
15. Bxd6 Qxd6 16. Bc2 Bxc2 17. Rxc2 e5 18. cxd5 Nxd5 19. Nc4 Qe6 20. Nxe5 Nb4
21. Rc4 a5 22. a3 Nd5 23. Rdc1 Rfe8 24. Qf3 Rad8 25. Rc5 Ra8 26. Nd3 Nf6 27.
Re5 Qb3 28. Rxe8+ Rxe8 29. Qd1 Qb6 30. Qc2 Ne4 31. Ne5 Nf6 32. Nc4 Qa7 33. Qc3
Ra8 34. Qb3 Qb8 35. Ne5 Qc7 36. Rc5 Ne4 37. Rc2 Nf6 38. Qc4 Ne4 39. Nf3 Qd7 40.
Ne5 Qc7 41. Nd3 Qd8 42. Nc5 Nd6 43. Qb3 Qe7 44. Qb6 Kh8 45. Qb3 Rd8 46. Rc1 Kg8
47. Nd3 Ne4 48. Qc2 Nf6 49. Qc5 Qc7 50. Nf4 Rd6 51. b4 axb4 52. axb4 Ne4 53.
Qc2 Nf6 54. Qb1 Qd7 55. Rc5 b6 56. Rc1 Qb7 57. Rc4 Qa6 58. Rc1 Qb5 59. f3 g5
60. Nd3 Nd5 61. Kf2 Re6 62. e4 Nf4 63. Nxf4 gxf4 64. e5 Kg7 65. Qb3 c5 66. Qc4
Qxc4 67. Rxc4 cxd4 68. Rxd4 Rxe5 69. Rxf4 f5 70. Rd4 Kf7 71. f4 Re6 72. Rd5 Kf6
73. Rb5 Kg6 74. g4 Rc6 75. Rxf5 Rc4 76. Rb5 Rxf4+ 77. Ke3 Rf6 78. h4 Rd6 79.
Ke4 Rc6 80. Kd4 Rf6 81. Kc3 Rf3+ 82. Kb2 Rf6 83. Ka3 Kg7 84. Ka4 Rf4 85. g5
Rxh4 86. gxh6+ Rxh6 87. Rd5 Kf7 88. Kb5 Ke7 89. Ka6 Rh4 90. b5 Rh6 91. Kb7 Re6
92. Kc7 Ke8 93. Rd8+ Ke7 94. Rb8 Rd6 95. Rxb6 Rd7+ 96. Kc8 Rd8+ 97. Kb7 Rd3 98.
Rc6 Kd7 99. Rc2 Kd8 100. b6 Rd1 101. Rc5 Rd2 102. Ka6 Ra2+ 103. Ra5 Rc2 104.
Ka7 Rb2 105. b7 Kc7 106. Rc5+ Kd6 107. Rc1 Ra2+ 108. Kb8 Kd7 109. Rd1+ Ke8 110.
Rd5 Ke7 111. Kc7 Ke6 112. Rb5 1-0

[Event "2. CLANSKA LIGA ZAHOD 2014"]
[Site "Ljubljana"]
[Date "2014.11.09"]
[Round "9.2"]
[White "Trivuncevic, Bosko"]
[Black "Anakiev, Dimitar"]
[Result "0-1"]
[WhiteElo "1976"]
[BlackElo "2042"]
[PlyCount "96"]
[EventDate "2014.11.09"]
[WhiteTeam "SK LOSKA DOLINA"]
[BlackTeam "SD RADOVLJICA"]

1. e4 c5 2. Nf3 a6 3. a4 d6 4. d4 cxd4 5. Nxd4 Nf6 6. Nc3 Nc6 7. Nxc6 bxc6 8.
Bd3 g6 9. a5 Bg7 10. Bd2 Rb8 11. Qc1 O-O 12. O-O Nd7 13. Ra2 Re8 14. f4 Nc5 15.
b3 Nxd3 16. cxd3 Rxb3 17. Qc2 Rb8 18. f5 e6 19. fxg6 hxg6 20. Be3 e5 21. Qa4
Bd7 22. Raf2 Rf8 23. Qc4 Be6 24. Qxa6 Ra8 25. Qb6 c5 26. Qxd8 Rfxd8 27. Ra1 Ra6
28. Nb5 Rd7 29. Bd2 c4 30. dxc4 Bxc4 31. Nc3 d5 32. Rb1 Ra8 33. Na4 Bd3 34. Re1
Bxe4 35. Nb6 Rda7 36. Nxa8 Rxa8 37. Rxe4 dxe4 38. Re2 f5 39. g3 Bf8 40. Bc3
Bc5+ 41. Kf1 Bd4 42. Be1 Kf7 43. Ra2 Ra6 44. Ke2 f4 45. gxf4 exf4 46. Ra4 Rd6
47. a6 f3+ 48. Kf1 e3 0-1

[Event "2. CLANSKA LIGA ZAHOD 2014"]
[Site "Ljubljana"]
[Date "2014.11.09"]
[Round "9.3"]
[White "Buha, Drago"]
[Black "Drobnic, Milan"]
[Result "1/2-1/2"]
[WhiteElo "2008"]
[BlackElo "1856"]
[PlyCount "102"]
[EventDate "2014.11.09"]
[WhiteTeam "SD RADOVLJICA"]
[BlackTeam "SK LOSKA DOLINA"]

1. e4 d6 2. d4 Nf6 3. Nc3 Nbd7 4. Bd3 e5 5. Nf3 Be7 6. O-O O-O 7. h3 c6 8. d5
Nc5 9. b4 Nxd3 10. Qxd3 Qc7 11. Bd2 cxd5 12. exd5 Bd7 13. Ng5 h6 14. Nge4 Nxe4
15. Qxe4 f5 16. Qe2 f4 17. f3 Rac8 18. Rfc1 g5 19. Ne4 Qc4 20. Qxc4 Rxc4 21. c3
Bf5 22. Re1 Bxe4 23. Rxe4 Rxe4 24. fxe4 Rc8 25. Kf2 Rc4 26. Ke2 h5 27. Kd3 Rc8
28. a4 Kf7 29. a5 Rh8 30. Rh1 Kg6 31. Be1 Rh6 32. Bf2 a6 33. c4 Bd8 34. c5 dxc5
35. Bxc5 Kf7 36. Kc4 Be7 37. Rd1 Bd6 38. Rb1 Bc7 39. Rc1 g4 40. hxg4 hxg4 41.
Kd3 Ke8 42. Rc2 Kd7 43. Kc4 g3 44. Kd3 Rh2 45. Bg1 Rh1 46. Ba7 Rb1 47. Bc5 Re1
48. Re2 Rxe2 49. Kxe2 Bd6 50. Kf3 Bxc5 51. bxc5 Kc7 1/2-1/2

[Event "2. CLANSKA LIGA ZAHOD 2014"]
[Site "Ljubljana"]
[Date "2014.11.09"]
[Round "9.4"]
[White "Stanic, Vitko"]
[Black "Kocevar, Tugomir"]
[Result "1-0"]
[WhiteElo "1794"]
[BlackElo "2006"]
[PlyCount "127"]
[EventDate "2014.11.09"]
[WhiteTeam "SK LOSKA DOLINA"]
[BlackTeam "SD RADOVLJICA"]

1. d4 Nf6 2. Nf3 d5 3. g3 g6 4. Bg2 Bg7 5. Nbd2 O-O 6. O-O Nc6 7. Re1 Bf5 8. c3
Re8 9. Nh4 Ne4 10. Nxf5 gxf5 11. Nf1 e6 12. f3 Nd6 13. Nd2 Qd7 14. e4 fxe4 15.
fxe4 Ne7 16. Qh5 c6 17. e5 Ndc8 18. Nf3 Ng6 19. Ng5 h6 20. Nh3 Nce7 21. Bxh6
Bxh6 22. Qxh6 Nf5 23. Qh5 Kg7 24. Qg5 Qd8 25. Qg4 Rh8 26. Nf4 Qb6 27. Re2 Rad8
28. Rd1 a5 29. h4 Nh6 30. Qg5 Kh7 31. Nh5 Ng8 32. Nf6+ Nxf6 33. Qxf6 Rd7 34. h5
Nf8 35. Rf2 Rg8 36. Kh2 Rg7 37. Bf1 Kg8 38. Bd3 Qd8 39. Rdf1 Qxf6 40. Rxf6 Rg5
41. Be2 Re7 42. Kh3 b5 43. a3 Rb7 44. Kh4 Nh7 45. R6f4 c5 46. Bd3 Rg7 47. h6
Rg6 48. Bxg6 fxg6 49. Kg4 c4 50. R1f2 a4 51. Rf6 Nxf6+ 52. Rxf6 Rb6 53. Rxg6+
Kh7 54. Kh5 b4 55. Rf6 bxa3 56. bxa3 Rb3 57. Rf7+ Kh8 58. Kg6 Rb8 59. h7 Re8
60. g4 Ra8 61. g5 Re8 62. Kh6 Ra8 63. g6 Ra7 64. g7# 1-0

[Event "2. CLANSKA LIGA ZAHOD 2014"]
[Site "Ljubljana"]
[Date "2014.11.09"]
[Round "9.5"]
[White "Torkar, Boris"]
[Black "Bavec, Vinko"]
[Result "1-0"]
[WhiteElo "1876"]
[BlackElo "1644"]
[PlyCount "107"]
[EventDate "2014.11.09"]
[WhiteTeam "SD RADOVLJICA"]
[BlackTeam "SK LOSKA DOLINA"]

1. d4 d5 2. c4 Nf6 3. Nc3 c6 4. e3 g6 5. Nf3 Bg7 6. Bd3 O-O 7. O-O dxc4 8. Bxc4
e6 9. b3 Nbd7 10. Bb2 Nd5 11. Ne4 N7f6 12. Nfd2 Nxe4 13. Nxe4 Nf6 14. Ng3 b5
15. Be2 Bb7 16. Rc1 Rc8 17. Bf3 Qb6 18. Ba3 b4 19. Bb2 a5 20. Qc2 Ba6 21. Rfd1
Bb5 22. Qc5 Qxc5 23. Rxc5 Nd7 24. Rcc1 a4 25. Ne4 axb3 26. axb3 Ra8 27. Ra1
Rxa1 28. Rxa1 c5 29. Nd6 Bd3 30. Ra7 Nb8 31. Bg4 cxd4 32. Nxf7 Bf5 33. Bxf5
gxf5 34. Ng5 Re8 35. exd4 h6 36. Nf3 Nc6 37. Rxg7+ Kxg7 38. d5+ Kf7 39. dxc6
Rd8 40. Kf1 Ke7 41. Be5 Rd1+ 42. Ke2 Rc1 43. Nd4 Rc5 44. f4 h5 45. c7 Kd7 46.
Kf2 h4 47. h3 Rc1 48. Nb5 Rc2+ 49. Kf3 Ra2 50. g3 hxg3 51. Kxg3 Ra8 52. h4 Rg8+
53. Kf3 Rf8 54. Na7 1-0

[Event "2. CLANSKA LIGA ZAHOD 2014"]
[Site "Ljubljana"]
[Date "2014.11.09"]
[Round "9.6"]
[White "Drobnic, Simona"]
[Black "Pretnar, Bostjan"]
[Result "1/2-1/2"]
[WhiteElo "1427"]
[BlackElo "1727"]
[PlyCount "115"]
[EventDate "2014.11.09"]
[WhiteTeam "SK LOSKA DOLINA"]
[BlackTeam "SD RADOVLJICA"]

1. e4 Nf6 2. Nc3 d5 3. exd5 Nxd5 4. Bc4 Nf6 5. Nf3 Bg4 6. h3 Bh5 7. O-O e6 8.
d4 Be7 9. d5 exd5 10. Nxd5 O-O 11. Nxe7+ Qxe7 12. Re1 Qc5 13. Be2 Nc6 14. Be3
Qd5 15. Qxd5 Nxd5 16. Bc5 Rfe8 17. Rad1 Nf4 18. Rd2 Nxh3+ 19. gxh3 Bxf3 20. Be3
Ne5 21. Kf1 Re6 22. Bd4 Bxe2+ 23. Rdxe2 Nf3 24. Rxe6 fxe6 25. Rd1 Rd8 26. c3 e5
27. Ke2 Ng1+ 28. Rxg1 exd4 29. cxd4 Rxd4 30. Rc1 Rb4 31. b3 c6 32. Rd1 a5 33.
Rd8+ Kf7 34. Ra8 b6 35. Ra7+ Kf6 36. Kd3 Rh4 37. Ra6 Rxh3+ 38. Kd2 Rh2 39. Ke2
Rh5 40. Rxb6 Rc5 41. a3 h5 42. b4 axb4 43. axb4 Re5+ 44. Kf1 Re6 45. Kg2 Ke5
46. Kg3 g6 47. Ra6 Kd5 48. Rb6 Rd6 49. Kh4 c5 50. Rxd6+ Kxd6 51. bxc5+ Kxc5 52.
f4 Kd4 53. Kg5 Ke4 54. Kxg6 h4 55. f5 h3 56. f6 h2 57. f7 h1=Q 58. f8=Q 1/2-1/2